Handbook of medical imaging

Αποθηκεύτηκε σε:
Λεπτομέρειες βιβλιογραφικής εγγραφής
Άλλοι συγγραφείς: Beutel, Jacob (Επιμελητής έκδοσης), Kundel, Harold L. (Επιμελητής έκδοσης), Van Metter, Richard L. (Επιμελητής έκδοσης)
Μορφή: Βιβλίο
Γλώσσα:English
Δημοσίευση: Bellingham, Wash. : SPIE Press, 2004
Θέματα:
Ετικέτες: Προσθήκη ετικέτας
Δεν υπάρχουν, Καταχωρήστε ετικέτα πρώτοι!

MARC

LEADER 00000nam a2200000 i 4500
001 1/88728
008 080612s2004 eng d
020 |a 0-8194-3622-4 
035 |l 10098181 
040 |a GR-MY-UA  |b gre  |e aacr 
041 0 |a eng 
082 0 |a 616.0754  |2 (22) 
245 1 0 |a Handbook of medical imaging /  |c Jacob Beutel, Harold L. Kundel, and Richard L. Van Meter, editors 
260 |a Bellingham, Wash. :   |b SPIE Press,   |c 2004 
300 |a 1 τ. (1218 σ.);  |b εικ.;  |c 26 εκ. 
504 |a Περιέχει βιβλιογραφικές παραπομπές και ευρετήριο 
505 0 |a T.2 Medical image processing and analysis 
650 0 0 |a Diagnostic Imaging  |x Handbooks. 
650 0 0 |a Diagnostic Imaging  |x Handbooks, manuals, etc. 
650 0 0 |a Health Physics  |x Handbooks. 
650 0 0 |a Image processing, Computer-Assisted  |x Handbooks. 
650 0 0 |a Image systems in medicine  |x Handbooks, manuals, etc. 
650 0 0 |a Psychophysics  |x Handbooks. 
650 0 0 |a Technology, Radiologic  |x Handbooks. 
700 1 |a Beutel, Jacob.  |4 edt 
700 1 |a Kundel, Harold L.  |4 edt 
700 1 |a Van Metter, Richard L.  |4 edt 
740 0 2 |a Medical image processing and analysis 
852 |a INST  |b SAMOS  |e 20080612  |h 616.0754 HAN  |p 005300030282  |q 005300030282  |t BK  |y 0 
901 |a BIBL3-2008-2 
909 |a Σ  |b 144353 
922 |a 3ΕΛΗ  |b 200801  |c ΕΠΕΑΕΚ2/ΤΜΠΕΣ  |d ΠΑΠΑΣΩΤΗΡΙΟΥ 
970 |a ΡΟΥΣΣΟΥ  |b ΚΩΝΣΤΑΝΤΙΝΑ  |z 2008/06/12